[Event "M.Botvinnik Memorial 2012"]
[Site "St. Petersburg, Russia"]
[Date "2012.09.01"]
[Round "8.64"]
[White "Rupel, David G"]
[Black "Savinov, Leonid"]
[Result "1-0"]
[WhiteElo "2100"]
[BlackElo "2208"]
[Annotator "David Rupel"]
[PlyCount "97"]
[EventDate "2012.08.25"]

1. d4 d5 2. Nf3 Nf6 3. Bf4 Bg4 4. c3 Bxf3 5. exf3 e6 6. Qb3 Qc8 7. Na3 Bd6 8.
Bxd6 cxd6 9. Qb4 Ke7 10. Bd3 Nc6 11. Qa4 Re8 12. Nc2 Kf8 13. O-O Kg8 {Although
Black has taken four moves to castle by hand, the game is roughly equal as
White's pieces are not well posted for the attack.} 14. Rfe1 a6 15. Rac1 b5 16.
Qa3 Qc7 17. Ne3 Qd7 18. Qb3 Na5 19. Qd1 Nc4 20. Re2 g6 21. b3 Nb6 22. Qd2 Kg7
23. Ng4 Nxg4 24. fxg4 e5 25. f3 e4 26. fxe4 Qxg4 27. Rce1 dxe4 28. Rxe4 Rxe4
29. Rxe4 Qd7 30. Rh4 h5 31. Qg5 Rh8 32. c4 bxc4 33. bxc4 Qc7 34. Rf4 Nd7 $4 {
White stands better but Black can fight on with 34...Qd8.} 35. Qe7 Rf8 36. Rf6
$1 Nxf6 37. Qxc7 Re8 38. Qxd6 {As a point of interest, I observed several
Russian players fighting on in similarly hopeless positions.} Re1+ 39. Kf2 Rd1
40. Ke2 Rg1 41. Qc6 h4 42. c5 Nh5 43. Be4 h3 44. gxh3 Nf4+ 45. Kd2 Nxh3 46.
Qxa6 Rg4 47. Ke3 Ng5 48. Bd5 Rg1 49. Kd3 1-0

[Event "WA Challengers' Cup"]
[Site "Seattle, WA"]
[Date "2012.10.28"]
[Round "3"]
[White "Sinanan, Joshua"]
[Black "Sang, Tian"]
[Result "0-1"]
[WhiteElo "2248"]
[BlackElo "2213"]
[Annotator "Dubisch,Ralph"]
[PlyCount "80"]
[EventDate "2012.10.27"]

1. d4 f5 2. Nf3 Nf6 3. g3 e6 4. Bg2 d5 5. O-O Bd6 6. c4 c6 7. Nc3 O-O 8. Qc2
Ne4 9. Rb1 Qe7 10. b4 Nxc3 11. Qxc3 Nd7 12. c5 Bc7 13. Bf4 Bxf4 (13... e5 14.
Nxe5 Nxe5 15. Bxe5 Bxe5 16. dxe5 f4 17. e4 fxe3 18. Qxe3 Bf5 19. Rb2 {and
White keeps his extra pawn.}) 14. gxf4 Nf6 15. a4 a6 16. b5 axb5 17. axb5 Bd7
18. b6 Be8 19. Ra1 Rb8 20. Ne5 Nd7 21. Nd3 (21. Nxd7 Qxd7 22. Qh3 {and by
preventing the bad black bishop from gaining an active role on h5, combined
with the advanced outpost on a7, White can claim a clear advantage.}) 21... Bh5
22. f3 h6 23. Ra7 Kh8 24. Rfa1 Rg8 25. Qd2 g5 26. fxg5 e5 27. dxe5 (27. gxh6 $5
exd4 28. Nf4 Bf7 29. Qxd4+ Kh7 30. Rc1 {and White should maintain some extra
material.}) 27... Nxc5 28. g6 Qf8 29. Nf4 Bxg6 30. e6 (30. Qc3 $5) 30... Qf6 {
Diagram #} 31. Nxd5 (31. Rc1 Nb3 32. Qc3 Qxc3 33. Rxc3 Nd4 34. e3 Nb5 35. Rb3
Nxa7 $6 (35... Nd6 36. Kf2 Kg7 {with a small edge to White looks safer.}) 36.
bxa7 Ra8 37. Rxb7 Be8 (37... h5 38. h4 (38. Rb8 Kg7 $1)) 38. Kf2 Rg7 39. e7 {
and White appears to be winning.}) 31... Qg7 32. Nf4 ({An alternative to the
exchange sacrifice was} 32. Qc3 cxd5 (32... Nxe6 33. Qxg7+ Rxg7 34. Ra8 Rgg8
35. Rxb8 Rxb8 36. Ne7 {is unclear}) (32... Qxc3 33. Nxc3 Nxe6 34. Kf2) 33. Qxc5
f4 {and Black certainly has enough compensation to recover the pawn e6.}) 32...
Nb3 33. Qe1 Nxa1 34. Rxa1 (34. Qxa1 $5 Qxa1+ 35. Rxa1 Kg7 36. Ra7 Kf6 {looks
like an interesting endgame.}) 34... Ra8 35. Rd1 $6 ({Now both of Black's
active rooks will participate in the attack. Probably necessary was:} 35. Rxa8
{The idea is to gain a tempo to play Qb4 before the black bishop has favorably
retreated to e8, and incidentally to reduce that g-file battery in the process.
} Rxa8 36. Qb4 {with at least some compensation for the exchange.}) 35... Be8
36. Qb4 c5 $1 37. Qxc5 $2 {Diagram #} Ra4 $1 {And now it's all over.} 38. e4
fxe4 39. fxe4 Rxe4 40. Rd2 {White resigned without waiting for...} Qa1+ 0-1

[Event "WA Challengers' Cup"]
[Site "Seattle, WA"]
[Date "2012.10.27"]
[Round "2"]
[White "Collyer, Curt"]
[Black "Lee, Megan"]
[Result "1-0"]
[WhiteElo "2288"]
[BlackElo "2128"]
[Annotator "Dubisch,Ralph"]
[PlyCount "81"]
[EventDate "2012.10.27"]

1. Nf3 d5 2. b3 Nf6 3. Bb2 c6 4. g3 Bf5 5. Bg2 e6 6. d3 Nbd7 7. Nbd2 Be7 8. h3
h6 9. e3 Qc7 10. Qe2 Bh7 11. O-O O-O 12. e4 dxe4 13. dxe4 e5 14. Ne1 Rfe8 15.
Nd3 Bf8 16. Rae1 Nc5 17. f4 Nxd3 18. cxd3 Nd7 19. fxe5 Nxe5 20. d4 Nd7 21. e5
f6 22. Nf3 Kh8 23. Nh4 Bb4 24. Rd1 fxe5 25. Rf7 Re7 26. Rxe7 Bxe7 27. dxe5 Nc5
28. Qg4 {Diagram #} Bxh4 (28... Nd3 29. Ng6+ Bxg6 30. Qxg6 Nxe5 (30... Nxb2 $4
31. Be4 Kg8 32. Rf1 {mates.}) 31. Qf5 (31. Bxe5 $6 Qxe5 32. Be4 Kg8 33. Rf1 Bf6
) 31... Bf6 32. Be4 Kg8 {and White has the bishop-pair and aggressively posted
pieces for the invested pawn.}) 29. Qxh4 Nd3 (29... Ne6 $5 {The blockade
square is nearly perfect for the knight, though with the bishop-pair, passed
e-pawn, and activity, White can still claim an edge.}) 30. Bc3 (30. Rxd3 $6
Bxd3 31. e6 Kh7 {Although the bishop-pair and a pawn are often thought to
provide good compensation for the exchange, here White lacks one key
ingredient.}) 30... Re8 31. Kh2 {Diagram #} Qe7 $6 (31... Nxe5 $2 32. Re1 Qb8 (
32... Kg8 33. Bxe5 Rxe5 34. Qc4+ Kh8 35. Qf4) (32... Bg8 33. Qf4) 33. Qd4 {is
winning for White.}) (31... Re7 $6 32. Rf1 $1 Nxe5 $2 33. Rf8+ Bg8 34. Qf4 {
when White's threats are worth more than the pawn.}) (31... b5 $5) 32. Qxe7
Rxe7 33. Bf1 Nc5 34. Rd8+ Bg8 35. Bb4 {Diagram #} (35. Bc4 Ne6 36. Rc8 c5 37.
b4 b6 38. bxc5 bxc5 {and though it's not at all hard for White to score a
healthy extra pawn, the likely opposite-color bishops certainly complicate the
technical process of using it to win.}) 35... Rd7 ({Relatively best is} 35...
Rxe5 36. Bxc5 Rxc5 37. Bc4 Rxc4 38. bxc4 Kh7 {when White still faces some
challenges to convert the material edge.}) 36. Rxg8+ Kxg8 37. Bc4+ Kh7 38. Bxc5
b6 39. Bd6 b5 40. Bd3+ g6 41. Be4 1-0

[Event "USCL Wk 9 Seattle vs San Francisco"]
[Site "?"]
[Date "2012.10.29"]
[Round "?"]
[White "Akobian-SEA"]
[Black "Bhat-SF"]
[Result "1-0"]
[WhiteElo "2697"]
[BlackElo "2555"]
[Annotator "Dubisch,Ralph"]
[PlyCount "81"]
[EventDate "2012.??.??"]

1. d4 d5 2. c4 c6 3. Nc3 Nf6 4. cxd5 cxd5 5. Nf3 Nc6 6. Bf4 Nh5 7. Bd2 Nf6 8.
e3 e6 9. Ne5 Nxe5 10. dxe5 Nd7 11. f4 Nc5 12. b4 Ne4 13. Nxe4 dxe4 14. Qc2 Bd7
15. b5 f5 16. exf6 Qxf6 17. Rd1 Qf5 18. Qc7 b6 19. Be2 Qc5 20. Qb7 Qd5 21. Qa6
Rc8 22. Bc3 Qc5 23. Bd4 Qb4+ 24. Kf2 Rc7 {Diagram #} (24... Rc2 $1 25. Qxa7
Bxb5 26. Rhe1 Bxe2 27. Qb8+ (27. Rxe2 $2 Rxe2+ 28. Kxe2 Qc4+ 29. Ke1 Bb4+ 30.
Kf2 Qc2+ 31. Kg3 Qxd1 $19) 27... Kf7 28. Qb7+ Ke8 (28... Be7 29. Rxe2 Rxe2+ 30.
Kxe2 Qc4+ 31. Ke1 Qxa2 32. Qxe4 b5 $13) 29. Qb8+ Kf7 $11) 25. Rc1 $1 Bc8 26.
Rxc7 Bxa6 27. bxa6 Bd6 28. Rc8+ Kf7 29. Rxh8 Bxf4 30. Rc1 e5 31. Rc7+ Kg6 32.
Bc3 Qb1 33. Rg8 Bxe3+ 34. Kxe3 Qc1+ 35. Kxe4 Qc2+ 36. Bd3 Qxg2+ 37. Kxe5+ Kh6
38. Rgxg7 Qxh2+ 39. Kd5 Qh5+ 40. Be5 Qh1+ 41. Kd6 1-0

[Event "USCL Wk 9 Seattle vs San Francisco"]
[Site "?"]
[Date "2012.10.29"]
[Round "?"]
[White "Kraai-SF"]
[Black "Orlov-SEA"]
[Result "0-1"]
[WhiteElo "2567"]
[BlackElo "2523"]
[Annotator "Dubisch,Ralph"]
[PlyCount "74"]
[EventDate "2012.??.??"]

1. e4 d6 2. d4 Nf6 3. Nc3 g6 4. Nf3 Bg7 5. Be2 O-O 6. O-O c6 7. Re1 Qc7 8. Bf4
Nh5 9. Be3 e5 10. Qd2 Nd7 11. Rad1 b5 12. dxe5 dxe5 13. Qd6 Qb7 14. Nd2 Nf4 {
Diagram #} 15. Nb3 (15. Bxf4 exf4 16. Qxf4 $14) 15... Nxe2+ 16. Rxe2 a5 (16...
b4 $6 17. Na5 $1 Qb8 (17... Qa6 18. Qxb4 Rb8 19. Qa4 $1 (19. Qa3 Re8 20. b4 Bf8
$44) 19... Rxb2 $6 20. Red2 Nb6 21. Qa3 $18) 18. Qxb8 Nxb8 19. Na4 $16) 17.
Red2 Re8 18. Nc5 Nxc5 19. Qxc5 Be6 20. a4 b4 21. Ne2 b3 22. c3 Qa6 23. Bg5 Bf8
24. Qe3 Qc4 25. Bf6 Bg4 26. h3 Bxe2 27. Qxe2 Qxa4 28. Rd7 Qb5 29. Qf3 (29. Qxb5
cxb5 30. R1d5 $11) 29... Qc4 30. Rb7 a4 31. Rdd7 {Diagram #} a3 32. bxa3 Rab8
33. Rxb8 Rxb8 34. Bxe5 Qe6 35. Bxb8 Qxd7 36. c4 b2 37. Qb3 Qd2 0-1

[Event "Southern Idaho Open"]
[Site "Twin Falls, ID"]
[Date "2012.11.03"]
[Round "3.1"]
[White "Gretchanei, Petro"]
[Black "Leano, Bryan B"]
[Result "0-1"]
[WhiteElo "1692"]
[BlackElo "1752"]
[PlyCount "72"]
[EventDate "2012.11.03"]
[EventType "swiss"]
[EventRounds "4"]
[EventCountry "USA"]

1. e4 c5 2. Nc3 g6 3. f4 Bg7 4. Nf3 Nc6 5. a4 e6 6. Nb5 d5 7. e5 Nge7 8. Nd6+
Kf8 9. Ng5 f6 10. Ngf7 Qc7 11. Nb5 Qb8 12. Nxh8 fxe5 13. Nxg6+ Nxg6 14. Be2
exf4 15. O-O Kg8 16. Bh5 e5 17. c4 d4 18. d3 Nb4 19. Qe2 Bf5 20. Rd1 Qd8 21.
Bf3 Qe7 22. Be4 Bxe4 23. Qxe4 Nc2 24. Rb1 Kh8 25. Bd2 Rg8 26. Rf1 Bh6 27. Rf2
Qg7 28. Nd6 Ne3 29. Qxb7 Qxb7 30. Nxb7 Nh4 31. Nxc5 Ng4 32. Re2 f3 33. Bxh6
fxe2 34. Bd2 Ne3 35. Ne4 Rxg2+ 36. Kh1 Nf3 0-1

[Event "Boston, MA"]
[Site "?"]
[Date "1988.08.12"]
[Round "6"]
[White "Ascolese, Paul"]
[Black "Niro, Frank"]
[Result "0-1"]
[WhiteElo "2154"]
[BlackElo "1983"]
[PlyCount "42"]

1. c4 f5 2. g3 Nf6 3. Bg2 d6 4. Nc3 g6 5. e3 Bg7 6. d4 O-O 7. Nge2 c6 8. O-O e5
9. b3 Nbd7 10. Bb2 Nh5 11. Qd2 f4 12. exf4 exf4 13. gxf4 Bh6 14. Qd3 Ndf6 15.
Ne4 Nxe4 16. Bxe4 Qh4 17. Bc1 Bh3 18. Bg2 Bxg2 19. Kxg2 Bxf4 20. Bxf4 Rxf4 21.
Qe3 Re4 0-1

[Event "Greenwich, CT"]
[Site "?"]
[Date "2000.06.12"]
[Round "3"]
[White "Niro, Frank"]
[Black "Burnett, Ron"]
[Result "1/2-1/2"]
[WhiteElo "1700"]
[BlackElo "2420"]
[PlyCount "65"]

1. e4 g6 2. d4 Bg7 3. Nc3 d6 4. f4 a6 5. Nf3 b5 6. Bd3 Bb7 7. e5 Nh6 8. O-O O-O
9. Qe2 c5 10. dxc5 dxc5 11. Be4 Bxe4 12. Qxe4 Ra7 13. Be3 Rc7 14. Rad1 Qe8 15.
Nd5 Qc6 16. Ng5 Rb7 17. Kh1 Nf5 18. g4 Nxe3 19. Nxe3 h6 20. Qxc6 Nxc6 21. Ne4
c4 22. Nc5 Rc7 23. e6 Bxb2 24. exf7+ Rxf7 25. Ne6 Rc8 26. Rd7 Ba3 27. Rfd1 Kh7
28. Nd5 c3 29. g5 hxg5 30. Nxg5+ Kg7 31. Nxf7 Kxf7 32. Nxc3 Nb8 33. R7d3
1/2-1/2

[Event "TGIF G90 +30 001"]
[Site "Beaverton, OR"]
[Date "2012.10.12"]
[Round "2"]
[White "Gay, Daniel"]
[Black "Herrera, Robert"]
[Result "1-0"]
[WhiteElo "2198"]
[BlackElo "2069"]
[PlyCount "87"]
[EventDate "2012.10.??"]

1. d4 Nf6 2. c4 e6 3. Nf3 d5 4. Nc3 Bb4 5. Qa4+ Nc6 6. e3 O-O 7. Bd2 a6 8. a3
Bd6 9. Qc2 dxc4 10. Bxc4 e5 11. d5 Ne7 12. e4 Ng6 13. O-O Bc5 14. Rac1 Ba7 15.
Ne2 Bg4 16. Qd3 b5 17. Ba2 c5 18. Bb1 Ne8 19. h3 Bd7 20. Ng3 Nd6 21. h4 Nc8 22.
h5 Nh4 23. Bc3 Re8 24. Nd2 Nd6 25. Kh1 b4 26. axb4 Bb5 27. Qc2 Bxf1 28. Rxf1
cxb4 29. Bxb4 Nb5 30. Nc4 Rc8 31. Qd3 Qg5 32. Bd2 Qg4 33. Bc2 f6 34. Ba4 g6 35.
Bxb5 axb5 36. Nd6 Red8 37. Nxc8 Rxc8 38. Qxb5 Rb8 39. Qc6 Bxf2 40. Rxf2 Qxg3
41. Qxf6 gxh5 42. Qf7+ Kh8 43. Qf6+ Kg8 44. Bh6 1-0

[Event "TGIF G90 +30 001"]
[Site "Beaverton, OR"]
[Date "2012.10.19"]
[Round "3"]
[White "Tezcan, Yaman"]
[Black "Janniro, Michael"]
[Result "0-1"]
[WhiteElo "1997"]
[BlackElo "2025"]
[PlyCount "88"]
[EventDate "2012.10.??"]

1. d4 Nf6 2. Nf3 g6 3. c4 c5 4. e3 cxd4 5. exd4 Bg7 6. g3 O-O 7. Bg2 d5 8. cxd5
Nxd5 9. h3 b6 10. O-O Bb7 11. Nc3 Nd7 12. Qb3 N7f6 13. Bg5 Rc8 14. Rac1 Nxc3
15. bxc3 h6 16. Bd2 Ne4 17. Bf4 g5 18. Be3 Ba6 19. Rfe1 Bc4 20. Qa3 Nd6 21. Ne5
Qc7 22. Nc6 a5 23. Nxe7+ Qxe7 24. Bf4 Qxe1+ 25. Rxe1 Nb5 26. Qb2 gxf4 27. a4
Nc7 28. Qxb6 fxg3 29. fxg3 Nd5 30. Qxa5 Ra8 31. Qc5 Rfc8 32. Qd6 Rd8 33. Qc6
Rac8 34. Qb7 Nxc3 35. a5 Bxd4+ 36. Kh2 Bd5 37. Bxd5 Nxd5 38. Rd1 Ne3 39. Rb1
Rc2+ 40. Kh1 Nf5 41. Qf3 Rf2 42. Qd3 Re8 43. g4 Ree2 44. Qxe2 Ng3+ 0-1

[Event "TGIF G90 +30 001"]
[Site "Beaverton, OR"]
[Date "2012.10.25"]
[Round "4"]
[White "Janniro, Michael"]
[Black "Sellers, Matt"]
[Result "1-0"]
[WhiteElo "2025"]
[BlackElo "2109"]
[PlyCount "75"]
[EventDate "2012.10.??"]

1. c4 Nf6 2. Nf3 g6 3. d4 Bg7 4. Nc3 c5 5. d5 e6 6. e4 exd5 7. cxd5 d6 8. h3
O-O 9. Bd3 Na6 10. O-O Bd7 11. Bf4 Ne8 12. Rc1 f6 13. Qd2 Nac7 14. Bh6 b5 15.
Bxg7 Nxg7 16. Nh2 b4 17. Nd1 f5 18. f4 Qe7 19. Nf2 Rae8 20. Rce1 Qf6 21. e5
dxe5 22. d6 Nb5 23. fxe5 Rxe5 24. Nfg4 fxg4 25. Rxf6 Rxe1+ 26. Qxe1 Rxf6 27.
Bxb5 Bxb5 28. Qe7 Rf7 29. Qe5 Rf5 30. Qe7 g3 31. Nf3 Rd5 32. Qe1 Rxd6 33. Qxg3
Nf5 34. Qe5 Rd1+ 35. Kh2 Bc4 36. Qb8+ Kg7 37. Qxa7+ Kh6 38. g4 1-0

[Event "TGIF G90 +30 001"]
[Site "Beaverton, OR"]
[Date "2012.10.26"]
[Round "4"]
[White "Stevens, Matthew"]
[Black "Tezcan, Yaman"]
[Result "0-1"]
[WhiteElo "1575"]
[BlackElo "2041"]
[PlyCount "52"]
[EventDate "2012.10.??"]

1. d4 c5 2. d5 e5 3. c4 d6 4. Nc3 Be7 5. Nf3 f5 6. e4 f4 7. Be2 Nf6 8. Rb1 O-O
9. O-O Kh8 10. b4 cxb4 11. Rxb4 Na6 12. Rb1 Nc5 13. Qc2 h6 14. Nd2 g5 15. a4
Rg8 16. Nb3 b6 17. Bd2 g4 18. f3 g3 19. a5 gxh2+ 20. Kxh2 Qe8 21. Rh1 Qg6 22.
Bf1 Nh5 23. Nb5 Ng3 24. Nxc5 Qh5+ (24... Nxf1+ 25. Kg1 Qxg2#) 25. Kg1 Qxh1+ 26.
Kf2 Nxf1 0-1